[Event "Team Championship (women rapid)"]
[Site "Sochi"]
[Date "2017.10.04"]
[Round "7.4"]
[White "Kovanova, Baira"]
[Black "Nur-Mukhametova, Alisa"]
[Result "1-0"]
[LiveChessVersion "1.4.8"]
[BlackElo "1683"]
[WhiteElo "2361"]

1. Nf3 {[%clk 0:15:17]} Nf6 {[%clk 0:15:19]} 2. c4 {[%clk 0:15:25]} g6
{[%clk 0:15:25]} 3. Nc3 {[%clk 0:15:32]} d5 {[%clk 0:15:33]} 4. cxd5
{[%clk 0:14:39]} Nxd5 {[%clk 0:15:41]} 5. Qb3 {[%clk 0:12:55]} c6
{[%clk 0:15:40]} 6. e4 {[%clk 0:11:00]} Nxc3 {[%clk 0:15:08]} 7. Qxc3
{[%clk 0:10:26]} f6 {[%clk 0:15:06]} 8. Bc4 {[%clk 0:10:21]} e6 {[%clk 0:14:13]}
9. h4 {[%clk 0:08:01]} a5 {[%clk 0:11:29]} 10. a4 {[%clk 0:05:54]} Bb4
{[%clk 0:11:22]} 11. Qb3 {[%clk 0:05:30]} Qe7 {[%clk 0:11:14]} 12. O-O
{[%clk 0:05:08]} Na6 {[%clk 0:09:55]} 13. d4 {[%clk 0:05:16]} Nc7
{[%clk 0:09:03]} 14. Bh6 {[%clk 0:03:55]} b5 {[%clk 0:08:06]} 15. axb5
{[%clk 0:04:01]} cxb5 {[%clk 0:08:15]} 16. Bd3 {[%clk 0:04:00]} Bb7
{[%clk 0:08:07]} 17. Rac1 {[%clk 0:03:48]} Rc8 {[%clk 0:07:43]} 18. d5
{[%clk 0:02:34]} Kf7 {[%clk 0:06:33]} 19. Bf4 {[%clk 0:01:45]} e5
{[%clk 0:02:13]} 20. Bxe5 {[%clk 0:01:31]} fxe5 {[%clk 0:01:53]} 21. Rxc7
{[%clk 0:01:05]} Rxc7 {[%clk 0:01:38]} 22. d6+ {[%clk 0:01:14]} Qe6
{[%clk 0:01:47]} 23. Ng5+ {[%clk 0:01:20]} 1-0

[Event "Team Championship (women rapid)"]
[Site "Sochi"]
[Date "2017.10.04"]
[Round "7.5"]
[White "Ubiennykh, Ekaterina"]
[Black "Bodnaruk, Anastasia"]
[Result "1/2-1/2"]
[LiveChessVersion "1.4.8"]
[BlackElo "2443"]
[WhiteElo "2329"]

1. d4 {[%clk 0:15:19]} d6 {[%clk 0:15:19]} 2. e4 {[%clk 0:15:26]} g6
{[%clk 0:15:02]} 3. Nc3 {[%clk 0:15:31]} Bg7 {[%clk 0:15:08]} 4. Be3
{[%clk 0:15:32]} a6 {[%clk 0:15:14]} 5. Qd2 {[%clk 0:15:34]} b5 {[%clk 0:15:11]}
6. f3 {[%clk 0:15:37]} Nd7 {[%clk 0:14:47]} 7. h4 {[%clk 0:15:39]} h6
{[%clk 0:14:11]} 8. g4 {[%clk 0:15:28]} c5 {[%clk 0:13:47]} 9. O-O-O
{[%clk 0:15:16]} Qa5 {[%clk 0:11:38]} 10. Kb1 {[%clk 0:15:09]} e6
{[%clk 0:11:05]} 11. e5 {[%clk 0:13:04]} cxd4 {[%clk 0:09:50]} 12. Bxd4
{[%clk 0:13:12]} dxe5 {[%clk 0:09:39]} 13. Be3 {[%clk 0:13:19]} Ne7
{[%clk 0:08:47]} 14. Bd3 {[%clk 0:13:13]} Rb8 {[%clk 0:07:02]} 15. Nge2
{[%clk 0:12:29]} Qc7 {[%clk 0:05:23]} 16. a3 {[%clk 0:09:02]} Nd5
{[%clk 0:03:57]} 17. Nxd5 {[%clk 0:08:33]} exd5 {[%clk 0:04:07]} 18. h5
{[%clk 0:08:26]} g5 {[%clk 0:04:06]} 19. Ng3 {[%clk 0:08:00]} Nf6
{[%clk 0:03:12]} 20. Rde1 {[%clk 0:07:06]} Be6 {[%clk 0:03:07]} 21. Bxg5
{[%clk 0:05:48]} hxg5 {[%clk 0:02:53]} 22. Qxg5 {[%clk 0:05:56]} Rg8
{[%clk 0:03:00]} 23. Rxe5 {[%clk 0:05:13]} Kf8 {[%clk 0:01:54]} 24. Qf4
{[%clk 0:01:48]} Nd7 {[%clk 0:01:21]} 25. Qb4+ {[%clk 0:01:57]} Qc5
{[%clk 0:01:21]} 26. Re2 {[%clk 0:02:03]} Qxb4 {[%clk 0:01:23]} 27. axb4
{[%clk 0:02:12]} Bh6 {[%clk 0:01:07]} 28. Bf5 {[%clk 0:02:16]} Bf4
{[%clk 0:01:01]} 29. Bxe6 {[%clk 0:02:04]} fxe6 {[%clk 0:01:09]} 30. Rh3
{[%clk 0:02:05]} Kf7 {[%clk 0:01:04]} 31. Rg2 {[%clk 0:01:48]} Bxg3
{[%clk 0:00:32]} 32. Rgxg3 {[%clk 0:01:52]} e5 {[%clk 0:00:37]} 33. g5
{[%clk 0:02:00]} Nf8 {[%clk 0:00:30]} 34. g6+ {[%clk 0:01:48]} Kf6
{[%clk 0:00:35]} 35. Rg4 {[%clk 0:01:24]} Rb7 {[%clk 0:00:41]} 36. Kc1
{[%clk 0:01:17]} Rb8 {[%clk 0:00:50]} 37. Kd2 {[%clk 0:01:26]} Ne6
{[%clk 0:00:56]} 38. Rhg3 {[%clk 0:01:26]} Nf4 {[%clk 0:00:53]} 39. Rg5
{[%clk 0:01:23]} Rg7 {[%clk 0:00:52]} 40. Ke3 {[%clk 0:00:47]} Rh8
{[%clk 0:01:01]} 41. Rxe5 {[%clk 0:00:43]} Rxh5 {[%clk 0:00:23]} 42. Rxh5
{[%clk 0:00:34]} Nxh5 {[%clk 0:00:32]} 43. Rg4 {[%clk 0:00:28]} Kf5
{[%clk 0:00:32]} 44. Kd4 {[%clk 0:00:32]} Nf6 {[%clk 0:00:40]} 45. Rg1
{[%clk 0:00:35]} Rc7 {[%clk 0:00:23]} 46. c3 {[%clk 0:00:20]} Rc4+
{[%clk 0:00:28]} 47. Kd3 {[%clk 0:00:39]} Rf4 {[%clk 0:00:18]} 48. g7
{[%clk 0:00:34]} Ng8 {[%clk 0:00:27]} 49. Ke3 {[%clk 0:00:28]} Rh4
{[%clk 0:00:31]} 50. Ra1 {[%clk 0:00:20]} Rh6 {[%clk 0:00:36]} 51. Kd4
{[%clk 0:00:29]} Rd6 {[%clk 0:00:17]} 52. Kc5 {[%clk 0:00:36]} Rg6
{[%clk 0:00:16]} 53. Kxd5 {[%clk 0:00:41]} Ne7+ {[%clk 0:00:26]} 54. Kc5
{[%clk 0:00:48]} Rc6+ {[%clk 0:00:23]} 55. Kd4 {[%clk 0:00:55]} Rd6+
{[%clk 0:00:26]} 56. Kc5 {[%clk 0:01:01]} Rc6+ {[%clk 0:00:34]} 57. Kd4
{[%clk 0:01:10]} Rd6+ {[%clk 0:00:41]} 58. Kc5 {[%clk 0:01:19]} Rc6+
{[%clk 0:00:50]} 59. Kd4 {[%clk 0:01:28]} Kf6 {[%clk 0:00:38]} 60. Rg1
{[%clk 0:01:13]} Rc4+ {[%clk 0:00:34]} 61. Kd3 {[%clk 0:01:16]} Kf7
{[%clk 0:00:43]} 62. b3 {[%clk 0:01:17]} Rf4 {[%clk 0:00:51]} 63. Ke3
{[%clk 0:01:22]} Nd5+ {[%clk 0:00:59]} 64. Kd3 {[%clk 0:01:20]} Ne7
{[%clk 0:00:33]} 65. Ke3 {[%clk 0:01:29]} Rh4 {[%clk 0:00:42]} 66. Rg4
{[%clk 0:01:05]} Rh6 {[%clk 0:00:27]} 67. c4 {[%clk 0:01:05]} Nf5+
{[%clk 0:00:25]} 68. Ke4 {[%clk 0:01:09]} Nxg7 {[%clk 0:00:33]} 69. Kd5
{[%clk 0:01:11]} Ne8 {[%clk 0:00:31]} 70. Kc5 {[%clk 0:00:58]} Nc7
{[%clk 0:00:30]} 71. Re4 {[%clk 0:00:56]} Rf6 {[%clk 0:00:25]} 72. Re3
{[%clk 0:00:50]} Ne6+ {[%clk 0:00:21]} 73. Kd5 {[%clk 0:00:43]} Ke7
{[%clk 0:00:13]} 74. Kc6 {[%clk 0:00:36]} Kf7 {[%clk 0:00:17]} 75. Kb7
{[%clk 0:00:41]} Nd4 {[%clk 0:00:17]} 76. c5 {[%clk 0:00:33]} Kg7
{[%clk 0:00:12]} 77. Re4 {[%clk 0:00:28]} Nf5 {[%clk 0:00:17]} 78. Re5
{[%clk 0:00:19]} Nd4 {[%clk 0:00:21]} 79. Rd5 {[%clk 0:00:26]} Nc6
{[%clk 0:00:28]} 80. Rd6 {[%clk 0:00:26]} Nxb4 {[%clk 0:00:31]} 81. Rxf6 Kxf6 82.
c6 {[%clk 0:00:27]} Nd5 {[%clk 0:00:28]} 83. Kxa6 {[%clk 0:00:26]} Ke6
{[%clk 0:00:13]} 84. Kb7 {[%clk 0:00:23]} Kd6 {[%clk 0:00:17]} 85. f4
{[%clk 0:00:24]} b4 {[%clk 0:00:14]} 86. f5 {[%clk 0:00:31]} Ke5 {[%clk 0:00:14]}
87. c7 {[%clk 0:00:31]} Ne7 {[%clk 0:00:23]} 88. Kb6 {[%clk 0:00:14]} Kxf5
{[%clk 0:00:28]} 89. Kc5 {[%clk 0:00:23]} Ke6 {[%clk 0:00:37]} 90. Kxb4
{[%clk 0:00:31]} Kd7 {[%clk 0:00:46]} 1/2-1/2

[Event "Team Championship (women rapid)"]
[Site "Sochi"]
[Date "2017.10.04"]
[Round "7.6"]
[White "Ovod, Evgenija"]
[Black "Bivol, Alina"]
[Result "0-1"]
[LiveChessVersion "1.4.8"]
[BlackElo "2310"]
[WhiteElo "2191"]

1. d4 {[%clk 0:15:19]} d5 {[%clk 0:15:15]} 2. Bf4 {[%clk 0:15:27]} Nf6
{[%clk 0:15:14]} 3. e3 {[%clk 0:15:36]} c5 {[%clk 0:15:10]} 4. c3
{[%clk 0:15:43]} Nc6 {[%clk 0:15:02]} 5. Nd2 {[%clk 0:15:51]} cxd4
{[%clk 0:14:37]} 6. exd4 {[%clk 0:15:58]} Bf5 {[%clk 0:14:23]} 7. Ngf3
{[%clk 0:15:18]} e6 {[%clk 0:14:31]} 8. Qb3 {[%clk 0:15:26]} Qc8 {[%clk 0:14:33]}
9. Nh4 {[%clk 0:15:28]} Be4 {[%clk 0:14:21]} 10. Nxe4 {[%clk 0:15:21]} dxe4
{[%clk 0:14:30]} 11. g3 {[%clk 0:15:24]} Be7 {[%clk 0:14:27]} 12. Ng2
{[%clk 0:15:28]} O-O {[%clk 0:14:03]} 13. Rd1 {[%clk 0:15:32]} Rd8
{[%clk 0:13:22]} 14. Be2 {[%clk 0:15:26]} a6 {[%clk 0:12:47]} 15. O-O
{[%clk 0:15:25]} b5 {[%clk 0:12:09]} 16. f3 {[%clk 0:14:32]} exf3
{[%clk 0:12:09]} 17. Bxf3 {[%clk 0:14:32]} Ra7 {[%clk 0:11:37]} 18. Ne3
{[%clk 0:10:44]} Na5 {[%clk 0:10:44]} 19. Qc2 {[%clk 0:10:46]} h6
{[%clk 0:09:21]} 20. Kh1 {[%clk 0:08:28]} Bd6 {[%clk 0:09:04]} 21. Bxd6
{[%clk 0:07:53]} Rxd6 {[%clk 0:09:13]} 22. Ng4 {[%clk 0:07:53]} Nxg4
{[%clk 0:09:16]} 23. Bxg4 {[%clk 0:08:02]} Qd8 {[%clk 0:09:04]} 24. Qf2
{[%clk 0:06:07]} Rc7 {[%clk 0:08:49]} 25. a3 {[%clk 0:05:20]} Nc4
{[%clk 0:08:23]} 26. Rde1 {[%clk 0:05:27]} Nb6 {[%clk 0:06:24]} 27. Bh5
{[%clk 0:04:34]} Rdd7 {[%clk 0:06:01]} 28. Bf3 {[%clk 0:04:09]} Nd5
{[%clk 0:05:56]} 29. Be4 {[%clk 0:04:16]} Nf6 {[%clk 0:05:55]} 30. Bg2
{[%clk 0:04:13]} a5 {[%clk 0:05:48]} 31. Qe3 {[%clk 0:03:33]} b4 {[%clk 0:04:49]}
32. axb4 {[%clk 0:03:27]} axb4 {[%clk 0:04:58]} 33. cxb4 {[%clk 0:02:55]} Rxd4
{[%clk 0:04:49]} 34. b5 {[%clk 0:03:04]} Rcd7 {[%clk 0:02:52]} 35. Bc6
{[%clk 0:02:38]} R7d6 {[%clk 0:02:59]} 36. Ra1 {[%clk 0:02:33]} Qb6
{[%clk 0:02:40]} 37. Ra6 {[%clk 0:02:05]} Qc5 {[%clk 0:02:40]} 38. Ra8+
{[%clk 0:02:06]} Kh7 {[%clk 0:02:48]} 39. Rc8 {[%clk 0:01:38]} Qh5
{[%clk 0:01:53]} 40. b6 {[%clk 0:00:32]} Ng4 {[%clk 0:01:25]} 41. Qe2
{[%clk 0:00:27]} Rd2 {[%clk 0:00:55]} 42. Be4+ {[%clk 0:00:18]} f5
{[%clk 0:01:04]} 43. Bxf5+ {[%clk 0:00:24]} exf5 {[%clk 0:01:11]} 0-1

[Event "Team Championship (women rapid)"]
[Site "Sochi"]
[Date "2017.10.04"]
[Round "7.7"]
[White "Travkina, Anastasia"]
[Black "Belenkaya, Dina"]
[Result "0-1"]
[LiveChessVersion "1.4.8"]
[BlackElo "2208"]
[WhiteElo "2180"]

1. e4 {[%clk 0:15:19]} c6 {[%clk 0:15:19]} 2. d4 {[%clk 0:15:28]} d5
{[%clk 0:15:29]} 3. e5 {[%clk 0:15:37]} c5 {[%clk 0:15:38]} 4. dxc5
{[%clk 0:15:46]} Nc6 {[%clk 0:15:47]} 5. f4 {[%clk 0:15:53]} Nh6 {[%clk 0:15:42]}
6. c3 {[%clk 0:13:29]} e6 {[%clk 0:15:50]} 7. b4 {[%clk 0:11:43]} Be7
{[%clk 0:15:21]} 8. Nf3 {[%clk 0:11:33]} O-O {[%clk 0:12:06]} 9. Bd3
{[%clk 0:11:20]} f6 {[%clk 0:10:44]} 10. O-O {[%clk 0:09:23]} a5 {[%clk 0:10:33]}
11. Qb3 {[%clk 0:07:18]} fxe5 {[%clk 0:08:25]} 12. fxe5 {[%clk 0:06:43]} Ng4
{[%clk 0:08:26]} 13. Re1 {[%clk 0:06:21]} Qc7 {[%clk 0:08:18]} 14. Na3
{[%clk 0:03:44]} axb4 {[%clk 0:07:26]} 15. Nb5 {[%clk 0:02:14]} Bxc5+
{[%clk 0:07:28]} 16. Nfd4 {[%clk 0:02:03]} Qb6 {[%clk 0:06:52]} 17. Be3
{[%clk 0:01:42]} bxc3 {[%clk 0:06:10]} 18. Kh1 {[%clk 0:00:12]} Nxe3
{[%clk 0:05:13]} 19. Rxe3 {[%clk 0:00:20]} Nxd4 {[%clk 0:04:49]} 20. Qd1
{[%clk 0:00:27]} Nf5 {[%clk 0:04:16]} 21. Rh3 {[%clk 0:00:37]} g6
{[%clk 0:03:33]} 22. Rb1 {[%clk 0:00:13]} Rxa2 {[%clk 0:02:53]} 23. Nxc3
{[%clk 0:00:19]} Rb2 {[%clk 0:02:59]} 24. Rc1 {[%clk 0:00:17]} Qb4
{[%clk 0:02:25]} 25. Bxf5 {[%clk 0:00:18]} Rxf5 {[%clk 0:02:06]} 26. Nxd5
{[%clk 0:00:25]} Qe4 {[%clk 0:01:32]} 27. Ne3 {[%clk 0:00:20]} b6
{[%clk 0:01:19]} 28. Qd8+ {[%clk 0:00:17]} Rf8 {[%clk 0:01:26]} 29. Qc7
{[%clk 0:00:25]} h5 {[%clk 0:01:22]} 30. Rg3 {[%clk 0:00:20]} Bxe3
{[%clk 0:01:27]} 31. Re1 {[%clk 0:00:17]} Rb1 {[%clk 0:01:14]} 32. Qc3
{[%clk 0:00:19]} Rf1+ {[%clk 0:01:20]} 0-1

[Event "Team Championship (women rapid)"]
[Site "Sochi"]
[Date "2017.10.04"]
[Round "7.8"]
[White "Styazhkina, Anna"]
[Black "Tomilova, Elena"]
[Result "1-0"]
[LiveChessVersion "1.4.8"]
[BlackElo "2260"]
[WhiteElo "2225"]

1. e4 {[%clk 0:15:18]} e6 {[%clk 0:15:19]} 2. d4 {[%clk 0:15:27]} d5
{[%clk 0:15:28]} 3. Nd2 {[%clk 0:15:33]} Nf6 {[%clk 0:15:37]} 4. e5
{[%clk 0:15:41]} Nfd7 {[%clk 0:15:46]} 5. c3 {[%clk 0:15:49]} c5 {[%clk 0:15:54]}
6. Bd3 {[%clk 0:15:57]} Nc6 {[%clk 0:16:01]} 7. Ne2 {[%clk 0:16:06]} cxd4
{[%clk 0:16:09]} 8. cxd4 {[%clk 0:16:14]} f6 {[%clk 0:16:18]} 9. exf6
{[%clk 0:16:23]} Nxf6 {[%clk 0:16:26]} 10. Nf3 {[%clk 0:16:27]} Bd6
{[%clk 0:16:31]} 11. O-O {[%clk 0:16:25]} O-O {[%clk 0:16:40]} 12. Bf4
{[%clk 0:14:42]} Bxf4 {[%clk 0:16:40]} 13. Nxf4 {[%clk 0:14:51]} Ne4
{[%clk 0:16:45]} 14. Qc1 {[%clk 0:14:43]} Bd7 {[%clk 0:15:30]} 15. Re1
{[%clk 0:14:38]} Rc8 {[%clk 0:06:22]} 16. Qe3 {[%clk 0:13:39]} Nb4
{[%clk 0:05:57]} 17. Ne5 {[%clk 0:11:30]} Nxd3 {[%clk 0:05:13]} 18. Nexd3
{[%clk 0:10:12]} Qf6 {[%clk 0:04:04]} 19. f3 {[%clk 0:07:04]} Nd6
{[%clk 0:04:07]} 20. Nh5 {[%clk 0:03:49]} Qf7 {[%clk 0:03:25]} 21. Ng3
{[%clk 0:03:32]} Nf5 {[%clk 0:02:24]} 22. Nxf5 {[%clk 0:03:38]} exf5
{[%clk 0:02:29]} 23. Ne5 {[%clk 0:03:35]} Qe6 {[%clk 0:02:28]} 24. Qb3
{[%clk 0:02:54]} Bc6 {[%clk 0:02:19]} 25. Nd3 {[%clk 0:02:53]} Qf6
{[%clk 0:02:14]} 26. Re5 {[%clk 0:02:55]} f4 {[%clk 0:01:49]} 27. Rae1
{[%clk 0:02:21]} h6 {[%clk 0:01:55]} 28. Nb4 {[%clk 0:01:15]} Kh8
{[%clk 0:01:40]} 29. Nxd5 {[%clk 0:00:19]} Qd8 {[%clk 0:01:44]} 30. Kh1
{[%clk 0:00:18]} Bxd5 {[%clk 0:01:10]} 31. Rxd5 {[%clk 0:00:17]} Qh4
{[%clk 0:01:15]} 32. Rde5 {[%clk 0:00:20]} Qf2 {[%clk 0:01:10]} 33. Qb4
{[%clk 0:00:14]} Rfd8 {[%clk 0:01:13]} 34. d5 {[%clk 0:00:14]} b6
{[%clk 0:00:26]} 35. h3 {[%clk 0:00:16]} a5 {[%clk 0:00:32]} 36. Qxf4
{[%clk 0:00:19]} Qxb2 {[%clk 0:00:38]} 37. Rf5 {[%clk 0:00:13]} Qc3
{[%clk 0:00:41]} 38. Rd1 {[%clk 0:00:13]} Qc2 {[%clk 0:00:43]} 39. Rd2
{[%clk 0:00:13]} Qc1+ {[%clk 0:00:47]} 40. Kh2 {[%clk 0:00:22]} Rc4
{[%clk 0:00:33]} 41. Qe3 {[%clk 0:00:16]} Rcc8 {[%clk 0:00:37]} 42. Qd4
{[%clk 0:00:13]} Rd6 {[%clk 0:00:36]} 43. Rf7 {[%clk 0:00:12]} Rg8
{[%clk 0:00:37]} 44. Qf4 {[%clk 0:00:15]} Qc5 {[%clk 0:00:37]} 45. Qe4
{[%clk 0:00:16]} Rdd8 {[%clk 0:00:39]} 46. Rb7 {[%clk 0:00:12]} Qd6+
{[%clk 0:00:46]} 47. f4 {[%clk 0:00:16]} Rde8 {[%clk 0:00:51]} 48. Qd4
{[%clk 0:00:22]} Ref8 {[%clk 0:00:55]} 49. Rxb6 {[%clk 0:00:19]} Qxf4+
{[%clk 0:00:59]} 50. Qxf4 {[%clk 0:00:27]} Rxf4 {[%clk 0:01:08]} 51. Ra6
{[%clk 0:00:20]} a4 {[%clk 0:01:12]} 52. Kg3 {[%clk 0:00:16]} Rc4
{[%clk 0:00:47]} 53. Rc6 {[%clk 0:00:15]} Rb4 {[%clk 0:00:22]} 54. d6
{[%clk 0:00:20]} Rbb8 {[%clk 0:00:17]} 55. d7 {[%clk 0:00:15]} Kh7
{[%clk 0:00:16]} 56. Kf4 {[%clk 0:00:14]} Rgd8 {[%clk 0:00:11]} 57. Ke5
{[%clk 0:00:15]} Kg8 {[%clk 0:00:20]} 58. Kd6 {[%clk 0:00:20]} Ra8
{[%clk 0:00:28]} 59. Ke7 {[%clk 0:00:21]} Rab8 {[%clk 0:00:35]} 60. Rdc2
{[%clk 0:00:27]} Rf8 {[%clk 0:00:23]} 61. Rc8 {[%clk 0:00:34]} Rbxc8
{[%clk 0:00:26]} 62. Rxc8 {[%clk 0:00:42]} Rxc8 {[%clk 0:00:34]} 63. dxc8=Q+ 1-0

[Event "Team Championship (women rapid)"]
[Site "Sochi"]
[Date "2017.10.04"]
[Round "7.9"]
[White "Garifullina, Leya"]
[Black "Charochkina, Daria"]
[Result "1/2-1/2"]
[LiveChessVersion "1.4.8"]
[BlackElo "2326"]
[WhiteElo "1840"]

1. e4 {[%clk 0:15:02]} d5 {[%clk 0:15:19]} 2. exd5 {[%clk 0:15:09]} Qxd5
{[%clk 0:15:28]} 3. Nc3 {[%clk 0:15:16]} Qd6 {[%clk 0:15:37]} 4. d4
{[%clk 0:15:16]} Nf6 {[%clk 0:15:45]} 5. Nf3 {[%clk 0:15:13]} g6 {[%clk 0:15:54]}
6. Nb5 {[%clk 0:15:14]} Qb6 {[%clk 0:16:01]} 7. c4 {[%clk 0:15:16]} c6
{[%clk 0:16:03]} 8. Nc3 {[%clk 0:15:06]} Bg7 {[%clk 0:16:11]} 9. h3
{[%clk 0:14:20]} O-O {[%clk 0:16:18]} 10. Be2 {[%clk 0:13:21]} Rd8
{[%clk 0:16:26]} 11. O-O {[%clk 0:12:50]} Bf5 {[%clk 0:16:34]} 12. a3
{[%clk 0:11:23]} Qc7 {[%clk 0:16:19]} 13. Be3 {[%clk 0:10:25]} Nbd7
{[%clk 0:16:13]} 14. Qb3 {[%clk 0:09:36]} Nf8 {[%clk 0:16:05]} 15. Rac1
{[%clk 0:08:38]} Ne4 {[%clk 0:15:55]} 16. Rfd1 {[%clk 0:05:00]} Nxc3
{[%clk 0:15:03]} 17. bxc3 {[%clk 0:04:39]} b6 {[%clk 0:13:16]} 18. a4
{[%clk 0:03:15]} Rab8 {[%clk 0:13:06]} 19. Bf1 {[%clk 0:02:31]} c5
{[%clk 0:11:10]} 20. d5 {[%clk 0:02:11]} h5 {[%clk 0:11:10]} 21. g3
{[%clk 0:01:25]} e6 {[%clk 0:10:51]} 22. Bg2 {[%clk 0:00:24]} Be4
{[%clk 0:10:34]} 23. Bf4 {[%clk 0:00:20]} e5 {[%clk 0:10:43]} 24. Be3
{[%clk 0:00:14]} f5 {[%clk 0:10:37]} 25. Bg5 {[%clk 0:00:13]} Re8
{[%clk 0:10:45]} 26. Nd2 {[%clk 0:00:13]} Bxg2 {[%clk 0:10:52]} 27. Kxg2
{[%clk 0:00:21]} Nh7 {[%clk 0:10:55]} 28. h4 {[%clk 0:00:18]} Nxg5
{[%clk 0:10:50]} 29. hxg5 {[%clk 0:00:26]} Qe7 {[%clk 0:10:59]} 30. Nf3
{[%clk 0:00:14]} e4 {[%clk 0:11:07]} 31. Nh4 {[%clk 0:00:16]} Qxg5
{[%clk 0:11:07]} 32. d6 {[%clk 0:00:12]} Rbd8 {[%clk 0:10:57]} 33. Qb5
{[%clk 0:00:12]} f4 {[%clk 0:10:49]} 34. d7 {[%clk 0:00:19]} Rf8 {[%clk 0:10:57]}
35. Qc6 {[%clk 0:00:25]} fxg3 {[%clk 0:11:00]} 36. fxg3 {[%clk 0:00:31]} e3
{[%clk 0:10:16]} 37. Qxg6 {[%clk 0:00:27]} Rf2+ {[%clk 0:10:08]} 38. Kg1
{[%clk 0:00:33]} Qxg6 {[%clk 0:09:44]} 39. Nxg6 {[%clk 0:00:41]} Rd2
{[%clk 0:09:52]} 40. Ne7+ {[%clk 0:00:24]} Kh7 {[%clk 0:09:36]} 41. Nd5
{[%clk 0:00:18]} Rxd7 {[%clk 0:09:44]} 42. Rxd2 {[%clk 0:00:27]} exd2
{[%clk 0:09:52]} 43. Rd1 {[%clk 0:00:36]} Rd6 {[%clk 0:09:36]} 44. Rxd2
{[%clk 0:00:35]} Bxc3 {[%clk 0:09:45]} 45. Re2 {[%clk 0:00:29]} Bd4+
{[%clk 0:09:48]} 46. Kg2 {[%clk 0:00:38]} Rd7 {[%clk 0:05:49]} 47. Re4
{[%clk 0:00:29]} Rg7 {[%clk 0:05:47]} 48. Kh3 {[%clk 0:00:22]} Bf2
{[%clk 0:05:17]} 49. g4 {[%clk 0:00:19]} hxg4+ {[%clk 0:05:24]} 50. Rxg4
{[%clk 0:00:27]} Rxg4 {[%clk 0:04:37]} 51. Kxg4 {[%clk 0:00:35]} Kg6
{[%clk 0:04:47]} 52. Kf4 {[%clk 0:00:33]} Kf7 {[%clk 0:04:55]} 53. Ke4
{[%clk 0:00:38]} Ke6 {[%clk 0:05:02]} 54. Kd3 {[%clk 0:00:32]} Ke5
{[%clk 0:04:26]} 55. Ne7 {[%clk 0:00:24]} a6 {[%clk 0:04:23]} 56. Nc8
{[%clk 0:00:27]} Bh4 {[%clk 0:03:39]} 1/2-1/2

[Event "Team Championship (women rapid)"]
[Site "Sochi"]
[Date "2017.10.04"]
[Round "7.10"]
[White "Vasilevich, Tatjana"]
[Black "Stepanyan, Eva"]
[Result "1-0"]
[LiveChessVersion "1.4.8"]
[BlackElo "1864"]
[WhiteElo "2367"]

1. d4 {[%clk 0:15:19]} Nf6 {[%clk 0:15:19]} 2. Nf3 {[%clk 0:15:28]} e6
{[%clk 0:15:27]} 3. e3 {[%clk 0:15:37]} b6 {[%clk 0:15:31]} 4. Bd3
{[%clk 0:15:45]} Bb7 {[%clk 0:15:39]} 5. O-O {[%clk 0:15:52]} Be7
{[%clk 0:15:26]} 6. b3 {[%clk 0:16:00]} O-O {[%clk 0:15:30]} 7. Bb2
{[%clk 0:16:09]} c5 {[%clk 0:15:21]} 8. Nbd2 {[%clk 0:16:14]} d5 {[%clk 0:15:19]}
9. Ne5 {[%clk 0:16:15]} Nbd7 {[%clk 0:15:06]} 10. f4 {[%clk 0:16:23]} Ne4
{[%clk 0:14:23]} 11. c4 {[%clk 0:13:19]} f6 {[%clk 0:12:35]} 12. Nxd7
{[%clk 0:12:39]} Qxd7 {[%clk 0:12:39]} 13. cxd5 {[%clk 0:11:38]} exd5
{[%clk 0:12:28]} 14. dxc5 {[%clk 0:11:21]} Nxc5 {[%clk 0:10:08]} 15. Bc2
{[%clk 0:10:45]} Rad8 {[%clk 0:09:17]} 16. Qh5 {[%clk 0:09:41]} Ne4
{[%clk 0:07:06]} 17. Rad1 {[%clk 0:09:48]} Qe8 {[%clk 0:06:33]} 18. Qh3
{[%clk 0:09:30]} f5 {[%clk 0:05:16]} 19. Nf3 {[%clk 0:09:11]} Bf6
{[%clk 0:03:57]} 20. Ne5 {[%clk 0:07:38]} Qe6 {[%clk 0:02:17]} 21. Bd3
{[%clk 0:07:18]} a6 {[%clk 0:01:28]} 22. Bd4 {[%clk 0:06:45]} b5 {[%clk 0:01:10]}
23. Qh5 {[%clk 0:03:34]} Rfe8 {[%clk 0:00:49]} 24. Qe2 {[%clk 0:03:29]} Rc8
{[%clk 0:00:50]} 25. Rc1 {[%clk 0:03:08]} Rxc1 {[%clk 0:00:36]} 26. Rxc1
{[%clk 0:03:17]} Rc8 {[%clk 0:00:42]} 27. Qb2 {[%clk 0:03:08]} Rxc1+
{[%clk 0:00:39]} 28. Qxc1 {[%clk 0:03:17]} Qc8 {[%clk 0:00:46]} 29. Qb2
{[%clk 0:02:41]} Qc7 {[%clk 0:00:41]} 30. a3 {[%clk 0:01:44]} Qc8
{[%clk 0:00:30]} 31. g3 {[%clk 0:01:27]} Qc7 {[%clk 0:00:36]} 32. Qc2
{[%clk 0:01:11]} Qxc2 {[%clk 0:00:41]} 33. Bxc2 {[%clk 0:01:20]} Kf8
{[%clk 0:00:27]} 34. Nd7+ {[%clk 0:01:02]} Ke7 {[%clk 0:00:25]} 35. Nxf6
{[%clk 0:01:10]} gxf6 {[%clk 0:00:28]} 36. Kf1 {[%clk 0:01:12]} Ke6
{[%clk 0:00:24]} 37. Ke2 {[%clk 0:01:18]} Bc6 {[%clk 0:00:30]} 38. Bd3
{[%clk 0:01:11]} Kd7 {[%clk 0:00:21]} 39. Bxe4 {[%clk 0:01:09]} dxe4
{[%clk 0:00:28]} 40. Bxf6 {[%clk 0:01:16]} Bd5 {[%clk 0:00:32]} 41. b4
{[%clk 0:01:25]} h5 {[%clk 0:00:37]} 42. Kd2 {[%clk 0:01:11]} Be6
{[%clk 0:00:25]} 43. Kc3 {[%clk 0:01:18]} Kd6 {[%clk 0:00:19]} 44. Kd4
{[%clk 0:01:26]} Bc8 {[%clk 0:00:22]} 45. Bg7 {[%clk 0:01:20]} Ke6
{[%clk 0:00:23]} 46. Kc5 {[%clk 0:01:26]} Kd7 {[%clk 0:00:20]} 47. Be5
{[%clk 0:01:25]} Ke6 {[%clk 0:00:25]} 48. Kc6 {[%clk 0:01:14]} Bd7+
{[%clk 0:00:31]} 49. Kc7 {[%clk 0:00:43]} Ke7 {[%clk 0:00:26]} 50. Kb7
{[%clk 0:00:47]} Ke6 {[%clk 0:00:31]} 51. Kxa6 {[%clk 0:00:48]} Kd5
{[%clk 0:00:30]} 52. Kb6 {[%clk 0:00:46]} Ke6 {[%clk 0:00:31]} 53. Kc5
{[%clk 0:00:43]} Be8 {[%clk 0:00:34]} 54. a4 {[%clk 0:00:48]} bxa4
{[%clk 0:00:38]} 55. b5 {[%clk 0:00:56]} Kd7 {[%clk 0:00:23]} 56. Kb4
{[%clk 0:00:51]} Kc8 {[%clk 0:00:24]} 57. Kxa4 {[%clk 0:00:58]} Kb7
{[%clk 0:00:33]} 58. Kb4 {[%clk 0:01:04]} Kb6 {[%clk 0:00:38]} 59. Bd4+
{[%clk 0:01:13]} Kb7 {[%clk 0:00:47]} 60. Kc5 {[%clk 0:01:22]} Bd7
{[%clk 0:00:52]} 61. b6 {[%clk 0:01:28]} Ba4 {[%clk 0:00:54]} 62. Kd6
{[%clk 0:01:36]} Bd1 {[%clk 0:00:59]} 63. h3 {[%clk 0:01:29]} Bg4
{[%clk 0:00:21]} 64. hxg4 {[%clk 0:01:16]} fxg4 {[%clk 0:00:30]} 65. Bf6
{[%clk 0:01:09]} 1-0